Cine coreano : (Registro nro. 14255)

Detalles MARC
000 -LIDER
fixed length control field 00727nam a22002177a 4500
003 - IDENTIFICACDOR DE NÚMERO DE CONTROL
control field OSt
005 - DATE AND TIME OF LATEST TRANSACTION
control field 20230131093648.0
008 - ELEMENTOS DE LONGITUD FIJA
fixed length control field 201020b2019 dr 00| 0 spa d
020 ## - ISBN
International Standard Book Number 9789945806793
040 ## - FUENTE DE CATALOGACIÓN
Agencia que crea de manera original el registro DO-SdBNP
Idioma de catalogación spa
Agencia que realiza la transcripción BPMSU
082 #4 - NÚMERO DE CLASIFICACIÓN DECIMAL DE DEWEY
Classification number 791.430951
Item number B422c 2019
Edition number 22
100 1# - ASIENTO PRINCIPAL -- NOMBRE PERSONAL
Nombre personal Beiro Álvarez, Luis
245 10 - MENCIÓN DE TITULO
Título Cine coreano :
Subtítulo otro milagro del río Han /
Mención de responsabilidad Luis Beiro Álvarez.
260 ## - PUBLICACIÓN, DISTRIBUCIÓN, ETC. (PIE DE IMPRENTA)
Lugar de publicación, distribución, etc Santo Domingo :
Nombre del editor, distribuidor, etc. Embajada de Corea en la República Dominicana,
Fecha de publicación, distribución, etc 2019.
300 ## - DESCRIPCIÓN FÍSICA
Extensión 115 p. ;
Dimensiones 21 cm.
500 ## - NOTA GENERAL
Nota general Incluye datos biográficos del autor en la solapa de la cubierta.
590 ## - NOTA LOCAL
Enlace Inventariado, 2022/VM
650 #4 - ENCABEZAMIENTO DE MATERIA--TEMÁTICO
Término temático o nombre geográfico como elemento de entrada Cine coreano.
Subdivisión temática general Historia y crítica
910 ## - VALIDACIÓN
Validación VMateo V. /Validado
942 ## - ADDED ENTRY ELEMENTS (KOHA)
Source of classification or shelving scheme Dewey Decimal Classification
Koha item type Libros
Existencias
Withdrawn status Lost status Source of classification or shelving scheme Damaged status Not for loan Collection code Home library Current library Date acquired Source of acquisition Full call number Barcode Date last seen Price effective from Koha item type Copy number
    Dewey Decimal Classification     Colección Dominicana Biblioteca Pública Metropolitana Salomé Ureña Biblioteca Pública Metropolitana Salomé Ureña 09/09/2022 Editora Búho BPMSU CD 791.430951 B422c 2019 BPMSU22090009 09/09/2022 09/09/2022 Libros  
    Dewey Decimal Classification     Colección Dominicana Biblioteca Pública Metropolitana Salomé Ureña Biblioteca Pública Metropolitana Salomé Ureña 09/09/2022 Editora Búho BPMSU CD 791.430951 B422c 2019 BPMSU22090010 09/09/2022 09/09/2022 Libros e.2
    Dewey Decimal Classification     Colección Dominicana Biblioteca Pública Metropolitana Salomé Ureña Biblioteca Pública Metropolitana Salomé Ureña 09/09/2022 Editora Búho BPMSU CD 791.430951 B422c 2019 BPMSU22090011 09/09/2022 09/09/2022 Libros e.3